Pays par une seule indice #3 - Statistiques

Statistiques générales
  • Ce quiz a été pris 364 fois
  • Le résultat moyen est 11 sur 20
Statistiques - réponses
indice pays % Correct
Anciennement régi par les Taliban Afghanistan
87%
Pays qui partage une île avec la République dominicaine Haïti
82%
Composé de 26 cantons Suisse
79%
Souffré d'un tremblement de terre de 9,0 en 2011 Japon
75%
Séparé d'Ethiopie en 1993 Érythrée
66%
Source de 5 millions de réfugiés depuis 2011 Syrie
66%
Entre le Togo et le Nigéria Bénin
59%
Le seul pays d'Amérique centrale dont la langue officielle est l'anglais Belize
57%
A plus de lamas que tout autre pays Bolivie
51%
Malgré les idées fausses, Alexandre le Grand n'est pas né ici Macédoine
51%
Connecté via un pont vers l'Arabie Saoudite Bahreïn
49%
Pays avec le pourcentage le plus élevé de territoire sous le niveau de la mer (26%) Pays-Bas
47%
Il a gagné son indépendance par rapport au Pakistan Bangladesh
45%
Situé principalement sur la péninsule du Jutland Danemark
45%
Composé de la Bohême, de la Moravie et d'une partie de la Silésie Tchèquie
44%
Le plus grand pays enclavé au monde Kazakhstan
43%
Pays qui est 27% chiite, 27% sunnite, 41% chrétienne et 5% druze Liban
40%
L'hymne national est "Dieu bénisse le sultan" Brunei
26%
Sa langue peut être écrite sous forme de Bokmål ou Nynorsk Norvège
23%
Autrefois connu sous le nom d'îles Gilbert, ce pays couvre les quatre hémisphères Kiribati
21%
Aucun quiz correspondant
Distribution des résultats
% des personnes avec chaque résultat
Percentile par nombre de réponses
Votre historique - résultats
Vous n’avez pas pris ce quiz